[Event "FRA-chT Top 12"]
[Site "Brest"]
[Date "2019.05.23"]
[Round "6.5"]
[White "Fressinet, Laurent"]
[Black "Cappon, John"]
[Result "1-0"]
[WhiteElo "2640"]
[BlackElo "2094"]
[PlyCount "71"]
[EventDate "2019.05.18"]
[EventType "team-tourn"]
[EventRounds "11"]
[EventCountry "FRA"]
[SourceTitle "CBM 190 Extra"]
[Source "ChessBase"]
[SourceDate "2019.07.15"]
[SourceVersion "1"]
[SourceVersionDate "2019.07.15"]
[SourceQuality "1"]
[WhiteTeam "Bischwiller"]
[BlackTeam "Tours Hauts de France St Quentin"]
[WhiteTeamCountry "FRA"]
[BlackTeamCountry "FRA"]

1. Nf3 f5 2. d3 d6 3. e4 e5 4. Nc3 Nc6 5. exf5 Bxf5 6. d4 Bg4 7. Bb5 exd4 8. Qxd4 Bxf3 9. gxf3 Qd7 10. Qe4+ Nge7 11. Bg5 a6 12. Bc4 Qf5 13. h4 Qxe4+ 14. fxe4 h6 15. Be3 g6 16. 0-0-0 h5 17. f4 Bh6 18. Be6 Rf8 19. Rdf1 Rf6 20. Bh3 Kf7 21. Bd2 Rf8 22. Ne2 Ke8 23. Kd1 Nd8 24. Rf3 d5 25. exd5 Nxd5 26. Re1 Kf7 27. Ng3 Kg8 28. f5 Bxd2 29. Kxd2 gxf5 30. Re5 Rd6 31. Nxf5 Nc6 32. Nxd6 Rxf3 33. Be6+ Kf8 34. Rxd5 Ke7 35. Nxb7 Kxe6 36. Rxh5 1-0

[Event "FRA-chT Top 12"]
[Site "Brest"]
[Date "2018.05.31"]
[Round "6.7"]
[White "Koch, Jean Rene"]
[Black "Cappon, John"]
[Result "1-0"]
[WhiteElo "2454"]
[BlackElo "2145"]
[PlyCount "95"]
[EventDate "2018.05.26"]
[EventType "team-tourn"]
[EventRounds "11"]
[EventCountry "FRA"]
[SourceTitle "EXT 2019"]
[Source "ChessBase"]
[SourceDate "2018.10.10"]
[SourceVersion "1"]
[SourceVersionDate "2018.10.10"]
[SourceQuality "1"]
[WhiteTeam "Metz Fischer"]
[BlackTeam "Saint Quentin"]
[WhiteTeamCountry "FRA"]
[BlackTeamCountry "FRA"]

1. c4 e5 2. Nc3 Nc6 3. Nf3 f5 4. g3 Nf6 5. d4 e4 6. Nh4 d6 7. Bh3 g6 8. Bg5 Bg7 9. Qd2 Ne7 10. f3 exf3 11. Nxf3 h6 12. Bxf6 Bxf6 13. d5 Bg7 14. 0-0-0 0-0 15. Bg2 a6 16. Nd4 Rb8 17. e4 b5 18. cxb5 Bxd4 19. Qxd4 axb5 20. Kb1 fxe4 21. Bxe4 Bf5 22. Rhe1 Qd7 23. Bxf5 Nxf5 24. Qd2 Rbe8 25. a3 Kh7 26. Qd3 b4 27. axb4 Rxe1 28. Rxe1 Ng7 29. Rf1 Rxf1+ 30. Qxf1 Nf5 31. Qc4 Ne3 32. Qc6 Qf7 33. Ka2 h5 34. Kb3 Kh6 35. b5 Qf2 36. Qxc7 Qc2+ 37. Kb4 Qxb2+ 38. Ka5 Qb3 39. Ka6 Nc4 40. b6 Qxc3 41. Kb7 Qd4 42. Qc6 Kg5 43. Kc7 Qxb6+ 44. Qxb6 Nxb6 45. Kxb6 Kg4 46. Kc6 Kh3 47. Kxd6 Kxh2 48. Ke5 1-0

[Event "FRA-chT Top 12"]
[Site "Brest"]
[Date "2018.05.30"]
[Round "5"]
[White "Cappon, John"]
[Black "Lagarde, Maxime"]
[Result "0-1"]
[WhiteElo "2145"]
[BlackElo "2604"]
[PlyCount "60"]
[EventDate "2018.05.26"]
[EventType "team-tourn"]
[EventRounds "11"]
[EventCountry "FRA"]
[SourceTitle "EXT 2019"]
[Source "ChessBase"]
[SourceDate "2018.10.10"]
[SourceVersion "1"]
[SourceVersionDate "2018.10.10"]
[SourceQuality "1"]
[WhiteTeam "Saint Quentin"]
[BlackTeam "Nice Alekhine"]
[WhiteTeamCountry "FRA"]
[BlackTeamCountry "FRA"]

1. e4 g6 2. d4 Bg7 3. Nc3 d6 4. Bg5 a6 5. Qd2 Nd7 6. f4 b5 7. 0-0-0 Bb7 8. e5 Nb6 9. Bd3 Qd7 10. Nf3 e6 11. Ne4 Bd5 12. Rhe1 Qc6 13. Kb1 Rb8 14. Ka1 Na4 15. c3 Bxe4 16. Bxe4 d5 17. Bd3 h6 18. Bh4 Ne7 19. Bxe7 Kxe7 20. g4 Bf8 21. f5 Kd8 22. fxg6 fxg6 23. Nh4 b4 24. Nxg6 bxc3 25. bxc3 Ba3 26. Rb1 Bb2+ 27. Rxb2 Rxb2 28. Qxb2 Nxb2 29. Kxb2 Rg8 30. Rf1 Rxg6 0-1

[Event "FRA-chT Top 12"]
[Site "Brest"]
[Date "2018.05.29"]
[Round "4"]
[White "Cappon, John"]
[Black "Le Roux, Jean Pierre"]
[Result "1/2-1/2"]
[WhiteElo "2145"]
[BlackElo "2557"]
[PlyCount "65"]
[EventDate "2018.05.26"]
[EventType "team-tourn"]
[EventRounds "11"]
[EventCountry "FRA"]
[SourceTitle "EXT 2019"]
[Source "ChessBase"]
[SourceDate "2018.10.10"]
[SourceVersion "1"]
[SourceVersionDate "2018.10.10"]
[SourceQuality "1"]
[WhiteTeam "Saint Quentin"]
[BlackTeam "Bischwiller"]
[WhiteTeamCountry "FRA"]
[BlackTeamCountry "FRA"]

1. e4 c6 2. d4 d5 3. e5 Bf5 4. h4 Qc7 5. g4 Bd7 6. Nc3 a6 7. h5 e6 8. Be3 c5 9. dxc5 Bxc5 10. Bxc5 Qxc5 11. f4 Nc6 12. Qd2 0-0-0 13. 0-0-0 f6 14. exf6 Nxf6 15. g5 Ne4 16. Nxe4 dxe4 17. Qc3 Qxc3 18. bxc3 e5 19. Ne2 Rhf8 20. Rh4 Be6 21. Re1 Kb8 22. Bg2 Bd5 23. c4 Bxc4 24. Bxe4 Bxe2 25. Bxc6 bxc6 26. Rxe2 exf4 27. Re7 Rd5 28. Rxg7 f3 29. Rh1 f2 30. Rf1 Re5 31. Kd2 Rd5+ 32. Ke2 Re5+ 33. Kd2 1/2-1/2

[Event "BEL-chT 1718"]
[Site "Belgium"]
[Date "2018.02.04"]
[Round "6.6"]
[White "Kokje, Joris"]
[Black "Cappon, John"]
[Result "1/2-1/2"]
[WhiteElo "2253"]
[BlackElo "2197"]
[PlyCount "60"]
[EventDate "2017.09.24"]
[EventType "team-tourn"]
[EventRounds "11"]
[EventCountry "BEL"]
[SourceTitle "EXT 2019"]
[Source "ChessBase"]
[SourceDate "2018.10.10"]
[SourceVersion "1"]
[SourceVersionDate "2018.10.10"]
[SourceQuality "1"]
[WhiteTeam "Brasschaat"]
[BlackTeam "Charleroi CREC"]
[WhiteTeamCountry "BEL"]
[BlackTeamCountry "BEL"]

1. d4 e6 2. c4 Nf6 3. Nf3 b6 4. g3 Ba6 5. b3 Bb4+ 6. Bd2 Be7 7. Bg2 c6 8. 0-0 0-0 9. Nc3 d5 10. Bf4 Nbd7 11. cxd5 cxd5 12. a4 Bb7 13. Nb5 a6 14. Nd6 Bxd6 15. Bxd6 Re8 16. Rc1 Rc8 17. Qd3 Ne4 18. Ba3 Qf6 19. Nd2 Rxc1 20. Rxc1 Qxf2+ 21. Kh1 Qf5 22. Nxe4 dxe4 23. Qc4 Nf6 24. Qc7 Bd5 25. Qxb6 Ng4 26. Qc7 g5 27. Qd7 Nf6 28. Qd6 Ng4 29. Qd7 Nf6 30. Qd6 Ng4 1/2-1/2

[Event "Espalion op 2nd"]
[Site "Espalion"]
[Date "2017.07.17"]
[Round "4"]
[White "Cappon, John"]
[Black "Lagunes, Jean Renaud"]
[Result "1-0"]
[WhiteElo "2197"]
[BlackElo "1951"]
[PlyCount "57"]
[EventDate "2017.07.15"]
[EventType "swiss"]
[EventRounds "9"]
[EventCountry "FRA"]
[SourceTitle "CBM 179 Extra"]
[Source "ChessBase"]
[SourceDate "2017.08.23"]
[SourceVersion "1"]
[SourceVersionDate "2017.08.23"]
[SourceQuality "1"]

1. e4 d5 2. exd5 Qxd5 3. Nc3 Qa5 4. d4 Nf6 5. Nf3 Bf5 6. Ne5 c6 7. g4 Be6 8. f4 Nbd7 9. Nc4 Qc7 10. Ne3 0-0-0 11. f5 Bd5 12. Nexd5 Nxd5 13. Nxd5 cxd5 14. Be3 Qb6 15. Bd3 e5 16. fxe6 Qxe6 17. Kd2 g6 18. g5 h6 19. h4 f6 20. Qf3 fxg5 21. hxg5 h5 22. c3 Bd6 23. Qh3 Rde8 24. Raf1 Rh7 25. b3 Qg8 26. Rf6 Kc7 27. Rxg6 Qf7 28. Rxd6 Kxd6 29. g6 1-0

[Event "Cappelle op 33rd"]
[Site "Cappelle la Grande"]
[Date "2017.02.24"]
[Round "8"]
[White "Garcia, Adrien"]
[Black "Cappon, John"]
[Result "0-1"]
[WhiteElo "2033"]
[BlackElo "2219"]
[PlyCount "70"]
[EventDate "2017.02.18"]
[EventType "swiss"]
[EventRounds "9"]
[EventCountry "FRA"]
[SourceTitle "CBM 177 Extra"]
[Source "ChessBase"]
[SourceDate "2017.04.27"]
[SourceVersion "1"]
[SourceVersionDate "2017.04.27"]
[SourceQuality "1"]

1. Nc3 c5 2. Nf3 e6 3. g3 d5 4. Bg2 Nf6 5. 0-0 Be7 6. a4 0-0 7. d4 Nc6 8. dxc5 Bxc5 9. Bg5 h6 10. Bxf6 Qxf6 11. e4 d4 12. Ne2 e5 13. Nc1 Bg4 14. Nd3 Bd6 15. h3 Be6 16. Nd2 Qg6 17. g4 Nb4 18. Ne1 Rac8 19. Ra3 Rfd8 20. Rg3 Bd7 21. b3 b5 22. a5 Qf6 23. h4 g5 24. hxg5 hxg5 25. Ndf3 Kg7 26. Qd2 Qf4 27. Qe2 Rc3 28. Bh3 Rdc8 29. Ng2 Qf6 30. Nfe1 Qh6 31. Ne3 dxe3 32. fxe3 Nxc2 33. Rgf3 Be6 34. Nxc2 Rxc2 35. Qxb5 Rc1 0-1

[Event "Cappelle op 33rd"]
[Site "Cappelle la Grande"]
[Date "2017.02.18"]
[Round "1"]
[White "Delobel, Bernard"]
[Black "Cappon, John"]
[Result "1/2-1/2"]
[WhiteElo "1869"]
[BlackElo "2219"]
[PlyCount "60"]
[EventDate "2017.02.18"]
[EventType "swiss"]
[EventRounds "9"]
[EventCountry "FRA"]
[SourceTitle "CBM 177 Extra"]
[Source "ChessBase"]
[SourceDate "2017.04.27"]
[SourceVersion "1"]
[SourceVersionDate "2017.04.27"]
[SourceQuality "1"]

1. d4 d5 2. c4 c6 3. Nc3 Nf6 4. cxd5 cxd5 5. Nf3 Nc6 6. e3 a6 7. a3 Bf5 8. Bd3 Bg6 9. Bxg6 hxg6 10. h3 e6 11. Bd2 Bd6 12. Rc1 Ne4 13. Qc2 f5 14. h4 Nxc3 15. Qxc3 Rc8 16. Qd3 Be7 17. Ke2 Bf6 18. Bc3 Qd7 19. g3 Na7 20. Bd2 0-0 21. Rxc8 Rxc8 22. Rc1 Rxc1 23. Bxc1 Qc6 24. Bd2 Nb5 25. Kd1 Nd6 26. Qc2 Qb5 27. Ke1 Kh7 28. Bb4 Ne4 29. Nd2 Nxd2 30. Bxd2 Qd7 1/2-1/2

[Event "Benidorm op U2300 15th"]
[Site "Benidorm"]
[Date "2016.12.10"]
[Round "10"]
[White "Cappon, John"]
[Black "Lillo Castany, Victor"]
[Result "1-0"]
[WhiteElo "2208"]
[BlackElo "2290"]
[PlyCount "67"]
[EventDate "2016.12.02"]
[EventType "swiss"]
[EventRounds "10"]
[EventCountry "ESP"]
[SourceTitle "EXT 2019"]
[Source "ChessBase"]
[SourceDate "2018.10.10"]
[SourceVersion "1"]
[SourceVersionDate "2018.10.10"]
[SourceQuality "1"]

1. e4 c5 2. d4 cxd4 3. c3 Nf6 4. e5 Nd5 5. Nf3 e6 6. cxd4 d6 7. a3 Nc6 8. Bd3 Be7 9. 0-0 0-0 10. Qe2 Re8 11. Bd2 Qb6 12. Qe4 g6 13. Nc3 Nxc3 14. Bxc3 Bd7 15. Rad1 Red8 16. Qf4 Be8 17. h4 Rd7 18. h5 Qd8 19. Bc2 Rc8 20. Qg4 Bf8 21. hxg6 hxg6 22. d5 exd5 23. e6 d4 24. Nxd4 Ne5 25. Qg3 Re7 26. f4 Qb6 27. fxe5 dxe5 28. exf7+ Bxf7 29. Rxf7 Kxf7 30. Rf1+ Kg7 31. Bxg6 Rxc3 32. bxc3 Qxg6 33. Nf5+ Kh7 34. Qh4+ 1-0

[Event "BEL-chT 1617"]
[Site "Belgium"]
[Date "2016.11.27"]
[Round "4.5"]
[White "Bruehl, Andreas"]
[Black "Cappon, John"]
[Result "1-0"]
[WhiteElo "2350"]
[BlackElo "2254"]
[PlyCount "61"]
[EventDate "2016.10.02"]
[EventType "team-tourn"]
[EventRounds "11"]
[EventCountry "BEL"]
[SourceTitle "CBM 175 Extra"]
[Source "ChessBase"]
[SourceDate "2016.12.12"]
[SourceVersion "1"]
[SourceVersionDate "2016.12.12"]
[SourceQuality "1"]
[WhiteTeam "KSK Rochade"]
[BlackTeam "Charleroi CREC"]
[WhiteTeamCountry "BEL"]
[BlackTeamCountry "BEL"]

1. d4 d5 2. c4 c6 3. Nf3 Nf6 4. e3 Bf5 5. Nc3 e6 6. Bd3 Bxd3 7. Qxd3 Bb4 8. Bd2 Nbd7 9. 0-0 0-0 10. Nxd5 Nxd5 11. cxd5 Bxd2 12. dxe6 Ba5 13. exd7 Qxd7 14. Rab1 Bc7 15. b4 Rad8 16. Rfc1 a6 17. a4 Rfe8 18. b5 axb5 19. axb5 Re6 20. bxc6 bxc6 21. h3 Rg6 22. Rc5 Bd6 23. Ne5 Qe8 24. Nxg6 Bxc5 25. Nh4 Bf8 26. Nf3 Qd7 27. Qc4 Qd5 28. Rc1 Rd6 29. Ne5 Rf6 30. Nxc6 Qf5 31. Qc2 1-0

[Event "Charleroi op"]
[Site "Charleroi"]
[Date "2016.08.05"]
[Round "8"]
[White "Cappon, John"]
[Black "Sumets, Andrey"]
[Result "0-1"]
[WhiteElo "2229"]
[BlackElo "2551"]
[PlyCount "142"]
[EventDate "2016.07.30"]
[EventType "swiss"]
[EventRounds "9"]
[EventCountry "BEL"]
[SourceTitle "CBM 173 Extra"]
[Source "ChessBase"]
[SourceDate "2016.08.29"]
[SourceVersion "1"]
[SourceVersionDate "2016.08.29"]
[SourceQuality "1"]

1. e4 e5 2. Nf3 Nc6 3. Bc4 Be7 4. 0-0 Nf6 5. Re1 0-0 6. c3 Nxe4 7. Bd5 Nf6 8. Bxc6 dxc6 9. Nxe5 c5 10. d3 Re8 11. Nd2 Qd5 12. Qf3 Bf8 13. Qxd5 Nxd5 14. Nef3 Bf5 15. Ne4 Rad8 16. Bd2 c6 17. h3 Nb6 18. b3 Re7 19. Be3 Rxd3 20. Ng3 Bg6 21. c4 Re8 22. Nh4 f6 23. Nxg6 hxg6 24. Rad1 Rxd1 25. Rxd1 Kf7 26. a4 Ke6 27. Ne4 Nd7 28. f4 b6 29. Kf2 Nb8 30. g4 Be7 31. a5 Rh8 32. Kg2 Rd8 33. Rxd8 Bxd8 34. axb6 axb6 35. Bd2 f5 36. Nf2 Bf6 37. Kf3 Na6 38. Nd3 Nc7 39. Be3 Ne8 40. b4 cxb4 41. Bxb6 Be7 42. Bd4 Nf6 43. g5 Ne4 44. Ke3 b3 45. Nc1 Nxg5 46. Nxb3 Nxh3 47. Bxg7 Bd6 48. Bh6 Kf7 49. Kf3 Kg8 50. Kg3 Kh7 51. Kxh3 Kxh6 52. Nd4 Bxf4 53. Nxc6 Kg7 54. Nb4 Bd6 55. Nd3 Kf6 56. Kg2 g5 57. c5 Bc7 58. Nb4 Ke6 59. Nc6 Kd5 60. Ne7+ Ke4 61. Ng8 Be5 62. c6 Kd5 63. Ne7+ Ke6 64. Nc8 g4 65. Nb6 Bc7 66. Nc4 f4 67. Nb2 Kd5 68. Nd3 f3+ 69. Kf2 Kxc6 70. Ke3 Kd5 71. Ne1 Bb6+ 0-1

[Event "FRA-chT Top 12"]
[Site "Drancy"]
[Date "2016.06.03"]
[Round "7.5"]
[White "Cappon, John"]
[Black "Delorme, Axel"]
[Result "0-1"]
[WhiteElo "2239"]
[BlackElo "2502"]
[PlyCount "102"]
[EventDate "2016.05.28"]
[EventType "team-tourn"]
[EventRounds "11"]
[EventCountry "FRA"]
[SourceTitle "CBM 172 Extra"]
[Source "ChessBase"]
[SourceDate "2016.06.21"]
[SourceVersion "1"]
[SourceVersionDate "2016.06.21"]
[SourceQuality "1"]
[WhiteTeam "Saint Quentin"]
[BlackTeam "Clichy Echecs 92"]
[WhiteTeamCountry "FRA"]
[BlackTeamCountry "FRA"]

1. e4 e5 2. Nf3 Nc6 3. Bc4 Bc5 4. c3 Nf6 5. d4 exd4 6. cxd4 Bb4+ 7. Nbd2 d5 8. exd5 Nxd5 9. 0-0 0-0 10. a3 Be7 11. Ba2 Bg4 12. h3 Bh5 13. g4 Bg6 14. Nc4 Be4 15. Nfe5 Nxe5 16. dxe5 Nb6 17. Nxb6 axb6 18. Qb3 Bc5 19. Be3 Qe7 20. Bxc5 bxc5 21. Qe3 Bc6 22. Rad1 Ra4 23. Bb1 h5 24. g5 Rd4 25. Rxd4 cxd4 26. Qf4 g6 27. Bd3 Qe6 28. Kh2 Qd5 29. Kg3 Re8 30. Re1 Qg2+ 31. Kh4 Bd7 32. Qg3 Qd5 33. Qf4 c5 34. Bc2 c4 35. Bd1 Bc6 36. Bc2 Re6 37. Bd1 b5 38. Bc2 Re8 39. Bd1 Bb7 40. Bc2 Re6 41. Bd1 Ba8 42. Qg3 b4 43. axb4 Qb7 44. f4 Qxb4 45. f5 gxf5 46. Bxh5 c3 47. Qf4 cxb2 48. Bxf7+ Kxf7 49. Qxf5+ Kg7 50. Qxe6 Qxe1+ 51. Kg4 Qe2+ 0-1

[Event "FRA-chT Top 12"]
[Site "Drancy"]
[Date "2016.05.30"]
[Round "3.1"]
[White "Cappon, John"]
[Black "Le Roux, Jean Pierre"]
[Result "0-1"]
[WhiteElo "2239"]
[BlackElo "2549"]
[PlyCount "72"]
[EventDate "2016.05.28"]
[EventType "team-tourn"]
[EventRounds "11"]
[EventCountry "FRA"]
[SourceTitle "CBM 172 Extra"]
[Source "ChessBase"]
[SourceDate "2016.06.21"]
[SourceVersion "1"]
[SourceVersionDate "2016.06.21"]
[SourceQuality "1"]
[WhiteTeam "Saint Quentin"]
[BlackTeam "Bischwiller"]
[WhiteTeamCountry "FRA"]
[BlackTeamCountry "FRA"]

1. e4 g6 2. d4 Bg7 3. Nc3 d6 4. Bg5 a6 5. Qd2 b5 6. f4 Nd7 7. Nf3 Ngf6 8. e5 b4 9. exf6 bxc3 10. Qxc3 Nxf6 11. Bd3 0-0 12. Qd2 Rb8 13. c3 c5 14. 0-0 cxd4 15. Nxd4 Qb6 16. Kh1 Qxb2 17. Qe1 Bb7 18. Rf2 Qb6 19. f5 Qc5 20. Nb3 Qc7 21. Rc1 Ng4 22. Re2 Ne5 23. Bb1 Bf6 24. Bxf6 exf6 25. c4 Rbc8 26. Rc3 Rfe8 27. Nd2 Qc5 28. Be4 d5 29. Rb3 dxe4 30. Rxb7 Nd3 31. Qg3 Qxf5 32. Rb3 Re5 33. h3 Rce8 34. Kh2 Nc1 35. Rf2 Qg5 36. Qe3 Nxb3 0-1

[Event "Cappelle op 32nd"]
[Site "Cappelle la Grande"]
[Date "2016.02.13"]
[Round "1"]
[White "Cappon, John"]
[Black "Esserman, Marc"]
[Result "0-1"]
[WhiteElo "2204"]
[BlackElo "2410"]
[PlyCount "58"]
[EventDate "2016.02.13"]
[EventType "swiss"]
[EventRounds "9"]
[EventCountry "FRA"]
[SourceTitle "EXT 2017"]
[Source "ChessBase"]
[SourceDate "2016.10.25"]
[SourceVersion "1"]
[SourceVersionDate "2016.10.25"]
[SourceQuality "1"]

1. e4 c5 2. d4 cxd4 3. c3 dxc3 4. Nxc3 Nc6 5. Nf3 e6 6. Bc4 a6 7. 0-0 Nge7 8. Bg5 f6 9. Be3 b5 10. Bb3 Bb7 11. Re1 Na5 12. Nd4 b4 13. Na4 Nxb3 14. Qxb3 Bxe4 15. Nc5 Bd5 16. Qa4 Nc6 17. Ncxe6 dxe6 18. Nxe6 Bxe6 19. Qxc6+ Kf7 20. Bb6 Qd5 21. Rxe6 Qxe6 22. Qxa8 Qxb6 23. Re1 Bc5 24. Qd5+ Kg6 25. Qd3+ f5 26. Qg3+ Kf7 27. Qb3+ Kf6 28. Qg3 Rd8 29. Qh4+ Kf7 0-1

[Event "BEL-chT 1415"]
[Site "Belgium"]
[Date "2015.01.25"]
[Round "7.6"]
[White "Cappon, John"]
[Black "Meessen, Rudolf"]
[Result "1/2-1/2"]
[WhiteElo "2222"]
[BlackElo "2278"]
[PlyCount "56"]
[EventDate "2014.09.28"]
[EventType "team-swiss"]
[EventRounds "11"]
[EventCountry "BEL"]
[SourceTitle "EXT 2016"]
[Source "ChessBase"]
[SourceDate "2015.10.08"]
[SourceVersion "1"]
[SourceVersionDate "2015.10.08"]
[SourceQuality "1"]
[WhiteTeam "Charleroi CREC"]
[BlackTeam "KSK Rochade"]
[WhiteTeamCountry "BEL"]
[BlackTeamCountry "BEL"]

1. e4 e6 2. d4 d5 3. Nc3 Nf6 4. e5 Nfd7 5. f4 c5 6. Nf3 Nc6 7. Be3 cxd4 8. Nxd4 Bc5 9. Qd2 0-0 10. 0-0-0 Bxd4 11. Bxd4 Qa5 12. h4 Rb8 13. Kb1 b5 14. Ne2 b4 15. Nc1 Nxd4 16. Qxd4 Nc5 17. Rh3 Rb6 18. h5 Ba6 19. f5 Bxf1 20. Rxf1 Ne4 21. f6 b3 22. Rd1 bxc2+ 23. Kxc2 Rb4 24. Qe3 Qc7+ 25. Kb1 Qxe5 26. Nb3 Qxf6 27. Qxa7 Nf2 28. Rf3 Nxd1 1/2-1/2

[Event "BEL-chT 1415"]
[Site "Belgium"]
[Date "2014.10.19"]
[Round "2.7"]
[White "Donovan, Linton"]
[Black "Cappon, John"]
[Result "1-0"]
[WhiteElo "2238"]
[BlackElo "2222"]
[PlyCount "113"]
[EventDate "2014.09.28"]
[EventType "team-swiss"]
[EventRounds "11"]
[EventCountry "BEL"]
[SourceTitle "EXT 2015"]
[Source "ChessBase"]
[SourceDate "2014.11.20"]
[SourceVersion "1"]
[SourceVersionDate "2014.11.20"]
[SourceQuality "1"]
[WhiteTeam "KBSK Brugge"]
[BlackTeam "Charleroi CREC"]
[WhiteTeamCountry "BEL"]
[BlackTeamCountry "BEL"]

1. e4 e6 2. d4 d5 3. Nc3 Nf6 4. Bg5 Be7 5. e5 Nfd7 6. Bxe7 Qxe7 7. f4 a6 8. Nf3 c5 9. dxc5 Nc6 10. Qd2 Qxc5 11. 0-0-0 b5 12. Bd3 Nb6 13. Kb1 b4 14. Ne2 a5 15. Ned4 Nxd4 16. Nxd4 Bd7 17. Nb3 Qc7 18. Qe3 g6 19. g4 a4 20. Qc5 Qxc5 21. Nxc5 Bc6 22. Na6 0-0 23. Nxb4 Bd7 24. g5 Rfc8 25. Ba6 Rc5 26. Rd4 Kf8 27. a3 Ke7 28. h4 h6 29. gxh6 Rh8 30. Be2 Rxh6 31. Nd3 Rc4 32. Rxc4 dxc4 33. Nb4 Nd5 34. Nxd5+ exd5 35. Bf3 Be6 36. h5 gxh5 37. Rxh5 Rg6 38. f5 Rg1+ 39. Ka2 Rf1 40. fxe6 Rxf3 41. exf7 Rxf7 42. c3 Ke6 43. Rh6+ Kxe5 44. Ra6 d4 45. cxd4+ Kxd4 46. Rxa4 Rf2 47. Rb4 Kd5 48. Kb1 Rf1+ 49. Kc2 Rf2+ 50. Kc3 Rf3+ 51. Kd2 Rd3+ 52. Kc2 Rh3 53. a4 Rh2+ 54. Kb1 Kc5 55. Rb5+ Kd4 56. a5 c3 57. Rb4+ 1-0

[Event "FRA-chT Top 12"]
[Site "Saint Quentin"]
[Date "2014.06.02"]
[Round "10.8"]
[White "Nicoara, Malina"]
[Black "Cappon, John"]
[Result "0-1"]
[WhiteElo "2108"]
[BlackElo "2238"]
[PlyCount "72"]
[EventDate "2014.05.24"]
[EventType "team-tourn"]
[EventRounds "11"]
[EventCountry "FRA"]
[SourceTitle "CBM 160 Extra"]
[Source "ChessBase"]
[SourceDate "2014.07.01"]
[SourceVersion "1"]
[SourceVersionDate "2014.07.01"]
[SourceQuality "1"]
[WhiteTeam "Strasbourg"]
[BlackTeam "Haute Picardie"]
[WhiteTeamCountry "FRA"]
[BlackTeamCountry "FRA"]

1. d4 Nf6 2. c4 e6 3. Nc3 Bb4 4. Bd2 0-0 5. Nf3 b6 6. e3 Bb7 7. Bd3 d5 8. cxd5 exd5 9. 0-0 Nbd7 10. Rc1 a6 11. Qc2 Qe7 12. Ne2 Bd6 13. Ng3 g6 14. Bc3 Rac8 15. Nd2 Rfe8 16. Rfe1 b5 17. a3 c5 18. dxc5 Nxc5 19. Nf3 Na4 20. Qd2 Nxc3 21. Rxc3 b4 22. Rxc8 Rxc8 23. a4 Qc7 24. Nd4 Nd7 25. Nge2 Bxh2+ 26. Kh1 Bd6 27. b3 Ne5 28. Bb1 Ng4 29. f3 Ne5 30. Rc1 Qe7 31. Rxc8+ Bxc8 32. Qc1 Bd7 33. Kg1 h5 34. Nf4 Qh4 35. Nxd5 Ng4 36. Qc2 Qe1# 0-1

[Event "FRA-chT Top 12"]
[Site "Saint Quentin"]
[Date "2014.05.31"]
[Round "8.7"]
[White "Velten, Paul"]
[Black "Cappon, John"]
[Result "1-0"]
[WhiteElo "2429"]
[BlackElo "2238"]
[PlyCount "95"]
[EventDate "2014.05.24"]
[EventType "team-tourn"]
[EventRounds "11"]
[EventCountry "FRA"]
[SourceTitle "CBM 160 Extra"]
[Source "ChessBase"]
[SourceDate "2014.07.01"]
[SourceVersion "1"]
[SourceVersionDate "2014.07.01"]
[SourceQuality "1"]
[WhiteTeam "Chalons en Champagne"]
[BlackTeam "Haute Picardie"]
[WhiteTeamCountry "FRA"]
[BlackTeamCountry "FRA"]

1. d4 e6 2. Nf3 Nf6 3. Bg5 c5 4. e3 h6 5. Bh4 b6 6. Bd3 Bb7 7. 0-0 cxd4 8. exd4 Be7 9. Nbd2 0-0 10. c3 d6 11. Re1 Nbd7 12. Qe2 Nh5 13. Bg3 Nxg3 14. hxg3 Nf6 15. a4 Qc7 16. Bc2 Rfe8 17. Qd3 a5 18. Bb3 Bf8 19. Bc4 e5 20. d5 Rac8 21. Bb3 Qd7 22. c4 Qg4 23. Qb1 e4 24. Nh2 Qf5 25. Bc2 Qg5 26. Nhf1 g6 27. Bxe4 Bg7 28. Ra3 Ba6 29. Bd3 Rxe1 30. Qxe1 Re8 31. Qb1 Bc8 32. b4 Ng4 33. Nf3 Qd8 34. bxa5 bxa5 35. Rb3 Bd7 36. Rb7 Qc8 37. Qb6 Bf5 38. Rc7 Qb8 39. Qxb8 Rxb8 40. Bxf5 gxf5 41. c5 dxc5 42. Rxc5 Rb1 43. d6 Nf6 44. Nh4 Rd1 45. Nxf5 Ne4 46. Rxa5 Nxd6 47. Ra8+ Kh7 48. Rd8 1-0

[Event "FRA-chT Top 12"]
[Site "Saint Quentin"]
[Date "2014.05.30"]
[Round "7.7"]
[White "Cappon, John"]
[Black "Touzane, Olivier"]
[Result "0-1"]
[WhiteElo "2238"]
[BlackElo "2325"]
[PlyCount "64"]
[EventDate "2014.05.24"]
[EventType "team-tourn"]
[EventRounds "11"]
[EventCountry "FRA"]
[SourceTitle "CBM 160 Extra"]
[Source "ChessBase"]
[SourceDate "2014.07.01"]
[SourceVersion "1"]
[SourceVersionDate "2014.07.01"]
[SourceQuality "1"]
[WhiteTeam "Haute Picardie"]
[BlackTeam "Montpellier"]
[WhiteTeamCountry "FRA"]
[BlackTeamCountry "FRA"]

1. e4 g6 2. d4 Bg7 3. Be3 d6 4. Qd2 a6 5. Nc3 b5 6. f3 Bb7 7. Nge2 Nd7 8. Nc1 c5 9. Be2 Rc8 10. d5 c4 11. Nd1 Nc5 12. Rb1 Nf6 13. Nf2 0-0 14. 0-0 e6 15. dxe6 Nxe6 16. Bh6 d5 17. Bxg7 Kxg7 18. e5 Nd7 19. f4 d4 20. Bg4 Ndc5 21. Ne2 d3 22. cxd3 cxd3 23. Ng3 h5 24. Bxe6 fxe6 25. f5 exf5 26. b4 Ne6 27. Qxd3 h4 28. Ne2 Qg5 29. g3 Rfd8 30. Qb3 Bd5 31. Qa3 Rc2 32. Nh3 Rxe2 0-1

[Event "FRA-chT Top 12"]
[Site "Saint Quentin"]
[Date "2014.05.28"]
[Round "5.7"]
[White "Cappon, John"]
[Black "Belkhodja, Slim"]
[Result "0-1"]
[WhiteElo "2238"]
[BlackElo "2410"]
[PlyCount "80"]
[EventDate "2014.05.24"]
[EventType "team-tourn"]
[EventRounds "11"]
[EventCountry "FRA"]
[SourceTitle "CBM 160 Extra"]
[Source "ChessBase"]
[SourceDate "2014.07.01"]
[SourceVersion "1"]
[SourceVersionDate "2014.07.01"]
[SourceQuality "1"]
[WhiteTeam "Haute Picardie"]
[BlackTeam "Metz Fischer"]
[WhiteTeamCountry "FRA"]
[BlackTeamCountry "FRA"]

1. e4 c5 2. d4 cxd4 3. c3 d3 4. Nf3 Nc6 5. Bxd3 d6 6. h3 Nf6 7. c4 g6 8. Nc3 Bg7 9. 0-0 0-0 10. Qe2 Nd7 11. Nd5 e6 12. Ne3 b6 13. Rb1 Bb7 14. b4 Nde5 15. Nxe5 Nd4 16. Qd1 dxe5 17. c5 f5 18. Nc4 fxe4 19. Be2 bxc5 20. Ne3 cxb4 21. Rxb4 Rf7 22. Bc4 a5 23. Rxb7 Rxb7 24. Qg4 Kh8 25. Qxe4 Rc7 26. Bd3 Rac8 27. Bb2 Rb8 28. Ba1 Rb4 29. Kh1 Nf5 30. Qf3 Rf4 31. Qe2 e4 32. Bxg7+ Kxg7 33. Bc4 Nxe3 34. Qxe3 e5 35. Qb6 e3 36. Be2 Rxf2 37. Qxe3 Rxf1+ 38. Bxf1 Qd4 39. Qe1 Qf4 40. g3 Rc1 0-1